000 01031nam a22002891a 4500
001 24692
003 BD-RjUL
005 20211209001103.0
008 140315r19691952enkb b 001 0 eng
035 _a(BD-RjUL)24761
035 _a(OCoLC)1034259
040 _aDLC
_cTxU-Da
_dPPiU
_dUk
_dDLC
_dBD-RjUL
_beng
041 _aeng
082 _a940.27
_bGRE 1969
100 1 _aGrant, A. J.
_q(Arthur James),
_d1862-1948.
_975817
245 1 0 _aEurope in the nineteenth and twentieth centuries (1789-1950) /
_cA.J. Grant and Harold Temperley.
250 _a6th ed.
260 _aLondon ;
_aNew York :
_bLongmans, Green,
_cc1952 [Reprinted 1962,1963,1964,1966,1969].
300 _axxii, 603 p. :
_bill., maps (some col.) ;
_c22 cm.
504 _aIncludes bibliographical references and index.
651 0 _aEurope
_xHistory
_y1789-1900.
_969784
651 0 _aEurope
_xHistory
_y20th century.
_99816
700 1 _aTemperley, Harold William Vazeille,
_d1879-1939.
_975741
942 _2ddc
_cBK
999 _c24692
_d24692